Statistics for License Plates of Asia

Click here to take the quiz!

General Stats

  • This quiz has been taken 17 times
  • The average score is 36 of 48

Answer Stats

Answer% Correct
Azerbaijan
100%
Bahrain
100%
China
100%
Cyprus
100%
Georgia
100%
Iran
100%
Israel
100%
Kazakhstan
100%
Qatar
100%
Tajikistan
100%
Turkmenistan
100%
Uzbekistan
100%
Cambodia
93%
Japan
93%
Kyrgyzstan
93%
North Korea
93%
South Korea
93%
Thailand
93%
Turkey
93%
Mongolia
86%
Syria
86%
United Arab Emirates
86%
Afghanistan
79%
Armenia
79%
Bhutan
79%
India
79%
Laos
79%
Lebanon
79%
Kuwait
71%
Oman
71%
Saudi Arabia
71%
Nepal
64%
Pakistan
64%
Yemen
64%
Bangladesh
57%
Iraq
57%
Indonesia
50%
Singapore
50%
Sri Lanka
50%
Malaysia
43%
Myanmar
43%
Philippines
43%
Timor-Leste
43%
Brunei
36%
Jordan
36%
Taiwan
29%
Maldives
21%
Vietnam
21%

Score Distribution

Percentile by Number Answered

Percent of People with Each Score

Your Score History

You have not taken this quiz